Solitude Island / (Record no. 186854)

000 -LEADER
fixed length control field 00962 a2200181 4500
003 - CONTROL NUMBER IDENTIFIER
control field Nust
005 - DATE AND TIME OF LATEST TRANSACTION
control field 20230120111114.0
040 ## - CATALOGING SOURCE
Transcribing agency Nust
082 ## - DEWEY DECIMAL CLASSIFICATION NUMBER
Classification number 808.83,BRO
100 ## - MAIN ENTRY--PERSONAL NAME
Personal name Brophy , John
9 (RLIN) 107224
245 ## - TITLE STATEMENT
Title Solitude Island /
Statement of responsibility, etc. John Brophy
260 ## - PUBLICATION, DISTRIBUTION, ETC.
Place of publication, distribution, etc. London
Name of publisher, distributor, etc. Collins
Date of publication, distribution, etc. 1941
300 ## - PHYSICAL DESCRIPTION
Extent 254;P
505 ## - FORMATTED CONTENTS NOTE
Formatted contents note Clutterpool’s (Page-7), The Neglected Customer (Page-21), Sensational Cuinea-Pigs (Page-29), Daphne Gets Off (Page-38), Solitude House (Page-59), Sir Jasper Gives Way (Page-80), Esmeralda Brown (Page-91), Semi-Professional Consultation (Page-111), A Distracted Surrender (Page-131), Dicky Samson Listens In (Page-144), Frustration in a Punt (Page-153), Surprises at the Station (Page-168), Decoy Duck (Page-181), Colloquy by Moonlight (Page-189), Both Ends of a Telephone Line (Page-205), Intervention of a Cow (Page-223), Encounter in the Dark (Page-236), Extracts (Page-251).
538 ## - SYSTEM DETAILS NOTE
System details note
650 ## - SUBJECT ADDED ENTRY--TOPICAL TERM
Topical term or geographic name entry element Novel
9 (RLIN) 2525
942 ## - ADDED ENTRY ELEMENTS (KOHA)
Source of classification or shelving scheme
Koha item type Book
Holdings
Withdrawn status Lost status Source of classification or shelving scheme Damaged status Not for loan Permanent Location Current Location Shelving location Date acquired Full call number Barcode Date last seen Price effective from Koha item type Public note
          Military College of Signals (MCS) Military College of Signals (MCS) General Stacks 12/12/2016 808.83,BRO MCS29847 12/08/2016 12/12/2016 Book Almirah No.56, Shelf No.4
© 2023 Central Library, National University of Sciences and Technology. All Rights Reserved.